000 00497nam a2200193Ia 4500
003 OSt
005 20221007083137.0
006 a|||||r|||| 00| 0
007 ta
008 221006b |||||||| |||| 00| 0 eng d
024 _a22,596
037 _cDissertations
040 _aFLL
_cFLL
_beng
041 _2eng
_aeng
100 _aAdhikari Pravakar
_9700336
245 0 _aDissolution of marriage in conflict of laws
942 _cDIS
_2CC
999 _c1168964
_d1168964